Tratado de responsabilidad civil. Parte general / Tomo I :
Guardado en:
| Autor Principal: | |
|---|---|
| Otros Autores: | |
| Formato: | Libro |
| Idioma: | Spanish |
| Publicado: |
Santa Fe :
Rubinzal - Culzoni,
2017
|
| Edición: | 1ª ed. revisada |
| Materias: | |
| Etiquetas: |
Agregar Etiqueta
Sin Etiquetas, Sea el primero en etiquetar este registro!
|
| LEADER | 00817nam a22002415a 4500 | ||
|---|---|---|---|
| 001 | DER.der013594 | ||
| 008 | 180615s2017####ag#||||||||||||||#||spa|| | ||
| 005 | 20230901140144.0 | ||
| 245 | 1 | 0 | |a Tratado de responsabilidad civil. |n Tomo I : |b Parte general / |c Ramón Daniel Pizarro , Carlos Gustavo Vallespinos. |
| 250 | |a 1ª ed. revisada | ||
| 260 | |a Santa Fe : |b Rubinzal - Culzoni, |c 2017 | ||
| 300 | |a 873 p. | ||
| 020 | |a 9789873008320 | ||
| 100 | 1 | |a Pizarro, Ramón Daniel | |
| 700 | 1 | |a Vallespinos, Carlos Gustavo | |
| 650 | 7 | |a indemnización |2 SAIJ | |
| 650 | 7 | |a responsabilidad civil |2 SAIJ | |
| 653 | |a DERECHO CIVIL | ||
| 653 | |a RESPONSABILIDAD CIVIL | ||
| 653 | |a DERECHO DE DANOS | ||
| 653 | |a PRINCIPIOS DE RAPARACION DEL DANO | ||
| 653 | |a PREVENCION DEL DANO | ||
| 859 | |a DERECHO |b BIB. DERECHO |h 346 |i PIZ |k 1.28 |p 008621 | ||
